Finalistes du championnat d'Europe de football - Statistiques

Statistiques générales
  • Ce quiz a été pris 403 fois
  • Le résultat moyen est 12 sur 14
Statistiques - réponses
Pays % Correct
Espagne
100%
France
100%
Italie
100%
Allemagne
99%
Angleterre
99%
Portugal
99%
Grèce
93%
Pays-Bas
90%
Danemark
87%
Belgique
83%
URSS
81%
Yougoslavie
75%
Tchéquie
62%
Tchécoslovaquie
61%
Aucun quiz correspondant
Distribution des résultats
% des personnes avec chaque résultat
Percentile par nombre de réponses
Votre historique - résultats
Vous n’avez pas pris ce quiz